Kingslayer - Bring Me the Horizon ft. BABYMETAL - Statistics

General Stats
  • This quiz has been taken 12 times
  • The average score is 177 of 277
Answer Stats
Answer % Correct
I
100%
in
100%
Kingslayer,
100%
sky
100%
the
100%
yo
100%
you
100%
you,
100%
You
100%
a
90%
destroying
90%
for
90%
of
90%
and
80%
castles
80%
die,
80%
die
80%
Do
80%
eye
80%
is
80%
Is
80%
my
80%
up
80%
up,
80%
your
80%
apple
70%
are
70%
Are
70%
back
70%
back,
70%
Feel
70%
feel
70%
fight
70%
fuck
70%
Get
70%
get
70%
Hi,
70%
life
70%
Life
70%
like
70%
Like
70%
looking
70%
no
70%
nothing
70%
or
70%
other
70%
quite
70%
right?
70%
seems
70%
side?
70%
to
70%
until
70%
Wake
70%
wake
70%
what
70%
Angel
60%
can't
60%
come
60%
corrupted?
60%
corrupted
60%
crawling
60%
don't
60%
fucking
60%
gonna
60%
I'll
60%
kono
60%
This
60%
this
60%
us
60%
want?
60%
when
60%
you're
60%
You're
60%
another
50%
bark
50%
belly
50%
bite?
50%
call
50%
collect
50%
ever
50%
find
50%
know
50%
lie
50%
me,
50%
need
50%
puppet,
50%
sacrifice
50%
shit
50%
system
50%
System
50%
te
50%
Tell
50%
where
50%
Wipe
50%
wo
50%
world
50%
you'll
50%
blade
40%
circling
40%
down
40%
from
40%
going
40%
hole
40%
I'd
40%
knife
40%
loyalties
40%
lullaby
40%
modified
40%
monster?
40%
motherfucking
40%
ni
40%
program
40%
rabbit
40%
ready?
40%
sekai
40%
twist
40%
virus
40%
We're
40%
Artificial
30%
cut
30%
drainpipe?
30%
encrypted,
30%
failure
30%
forevermore
30%
night
30%
off
30%
off,
30%
on
30%
really
30%
strings
30%
they
30%
'til
30%
wanna
30%
yeah
30%
day
20%
it
20%
mienai
20%
own
20%
Saa
20%
tada
20%
all
10%
alone
10%
battle
10%
Getting
10%
have
10%
iretai
10%
kienai
10%
Kurai,
10%
mada
10%
mirai
10%
never
10%
Oh,
10%
pain
10%
silly
10%
toki
10%
akete
0%
guide
0%
tobira
0%
yukou
0%
No matching quizzes found
Score Distribution
Percent of People with Each Score
Percentile by Number Answered
Your Score History
You have not taken this quiz